000 01753nam0a2200349 i 4500
001 RU\NLR\bibl\1888098
005 20240921094901.0
010 _a9785914250673
_9500
021 _aRU
_b2012-20632
_91559
035 _a(NLR Aleph) 001877809
090 _a2749163
_c2749163
100 _a20120405d2011 k y0rusy50 ca
101 0 _arus
102 _aRU
105 _aa |||||||||
200 1 _aОрганизационно-педагогическое обеспечение социально-культурной деятельности по экологическому воспитанию молодежи
_fОпарин Р.В.
_gМ-во образования и науки Рос. Федерации, ГОУ ВПО "Горно-Алт. гос. ун-т"
210 _aГорно-Алтайск
_cРИО ГАГУ
_d2011
215 _a330 с.
_cил.
_d21
225 1 _aТеория, методика и организация социально-культурной деятельности
300 _aНа 4-й с. обл. авт.: Опарин Р.В. - к.п.н., доц.
320 _aБиблиогр.: с. 307-330 (358 назв.)
606 1 _aКультурно-просветительная работа среди молодежи
_yАлтай, Республика
_92099581
_3RU\NLR\auth\661573527
606 1 _aМолодежь
_xЭкологическое воспитание
_yАлтай, Республика
_92099582
_3RU\NLR\auth\661573528
686 _aЧ711.45
686 _aЧ313.522.7
700 1 _aОпарин
_bР. В.
_gРоман Владимирович
_4070
801 0 _aRU
_bNLR
_c20120405
_gRCR
801 1 _aRU
_bNLR
_c20120405
830 _aавт. по кн.
942 _cBOOK
980 _aNBR